000 00743cam a22002293a 4500
001 17774
003 PGUSA
005 20140828083359.0
008 060216s2006||||xxu|||||s|||||000 | eng d
040 _aPGUSA
_beng
042 _adc
050 4 _aNA
100 1 _aRuskin, John,
_d1819-1900
245 1 4 _aThe Poetry of Architecture :
_bOr, the Architecture of the Nations of Europe Considered in its Association with Natural Scenery and National Character
_h[electronic resource] /
_cJohn Ruskin
260 _bProject Gutenberg,
_c2006
506 _aPublic domain in the USA.
516 _aElectronic text
653 _aArchitecture
830 0 _aProject Gutenberg
_v17774
856 4 0 _uhttp://www.gutenberg.org/ebooks/17774
942 _cEB
999 _c247029
_d247029